|
|
|
|
| LEADER |
00000cam a22000004a 4500 |
| 001 |
musev2_20529 |
| 003 |
MdBmJHUP |
| 005 |
20230905042208.0 |
| 006 |
m o d |
| 007 |
cr||||||||nn|n |
| 008 |
151017s2012 xx o 00 0 eng d |
| 020 |
|
|
|a 9780823250585
|
| 020 |
|
|
|z 9780823245208
|
| 020 |
|
|
|z 0823245209
|
| 035 |
|
|
|a (OCoLC)820632046
|
| 040 |
|
|
|a MdBmJHUP
|c MdBmJHUP
|
| 100 |
1 |
|
|a Peterson, Christopher.
|
| 245 |
1 |
0 |
|a Bestial Traces :
|b Race, Sexuality, Animality
|
| 264 |
|
1 |
|a Bronx :
|b Fordham University Press,
|c 2012.
|
| 264 |
|
3 |
|a Baltimore, Md. :
|b Project MUSE,
|c 2012
|
| 264 |
|
4 |
|c ©2012.
|
| 300 |
|
|
|a 1 online resource (208 pages).
|
| 336 |
|
|
|a text
|b txt
|2 rdacontent
|
| 337 |
|
|
|a computer
|b c
|2 rdamedia
|
| 338 |
|
|
|a online resource
|b cr
|2 rdacarrier
|
| 505 |
0 |
|
|a ""Contents""; ""Acknowledgments""; ""Introduction""; ""1 Aping Apes""; ""2 Slavery�s Bestiary""; ""3 Autoimmunity and Ante-Racism""; ""4 Ashamed of Shame""; ""Afterword""; ""Notes""; ""Bibliography""; ""Index""
|
| 520 |
|
|
|a In contemporary race and sexuality studies, the topic of animality emerges almost exclusively in order to index the dehumanization that makes discrimination possible. Bestial Traces argues that a more fundamental disavowal of human animality conditions the bestialization of racial and sexual minorities. Hence, when conservative politicians equate homosexuality with bestiality, they betray an anxious effort to deny the animality inherent in all sexuality. Focusing on literary texts by Edgar Allan Poe, Joel Chandler Harris, Richard Wright, Philip Roth, and J.M. Coetzee, together with philosophical texts by Derrida, Heidegger, Agamben, Freud, and Nietzsche, Peterson maintains that the representation of social and political others as animals can be mitigated but never finally abolished. All forms of belonging inevitably exclude some others as Gbeasts. G Though one might argue that absolute political equality and inclusion remain desirable, even if ultimately unattainable, ideals, Bestial Traces shows that, by maintaining such principles, we exacerbate rather than ameliorate violence because we fail to confront how discrimination and exclusion condition all social relations.
|
| 588 |
|
|
|a Description based on print version record.
|
| 650 |
|
7 |
|a Race in literature.
|2 fast
|0 (OCoLC)fst01086506
|
| 650 |
|
7 |
|a Philosophical anthropology in literature.
|2 fast
|0 (OCoLC)fst01060768
|
| 650 |
|
7 |
|a Other (Philosophy) in literature.
|2 fast
|0 (OCoLC)fst01904148
|
| 650 |
|
7 |
|a American literature.
|2 fast
|0 (OCoLC)fst00807113
|
| 650 |
|
6 |
|a Race dans la litterature.
|
| 650 |
|
6 |
|a Alterite dans la litterature.
|
| 650 |
|
6 |
|a Anthropologie philosophique dans la litterature.
|
| 650 |
|
6 |
|a Litterature americaine
|y 20e siecle
|x Histoire et critique.
|
| 650 |
|
6 |
|a Litterature americaine
|y 19e siecle
|x Histoire et critique.
|
| 650 |
|
0 |
|a Race in literature.
|
| 650 |
|
0 |
|a Other (Philosophy) in literature.
|
| 650 |
|
0 |
|a Philosophical anthropology in literature.
|
| 650 |
|
0 |
|a American literature
|y 20th century
|x History and criticism.
|
| 650 |
|
0 |
|a American literature
|y 19th century
|x History and criticism.
|
| 655 |
|
7 |
|a Criticism, interpretation, etc.
|2 fast
|0 (OCoLC)fst01411635
|
| 655 |
|
7 |
|a Electronic books.
|2 local
|
| 710 |
2 |
|
|a Project Muse.
|e distributor
|
| 830 |
|
0 |
|a Book collections on Project MUSE.
|
| 856 |
4 |
0 |
|z Texto completo
|u https://projectmuse.uam.elogim.com/book/20529/
|
| 945 |
|
|
|a Project MUSE - Custom Collection
|
| 945 |
|
|
|a Project MUSE - 2012 Complete
|
| 945 |
|
|
|a Project MUSE - 2012 Philosophy and Religion
|